| 000 | 00839cab a2200229 4500 | ||
|---|---|---|---|
| 001 | WB2809-04 | ||
| 008 | 090401t1992 xxu||||| |||| 00| 0 eng d | ||
| 035 | _a(Sirsi) u43948 | ||
| 041 | _aeng | ||
| 245 | _aBuilders wilt in face of decline | ||
| 260 | _c1992 | ||
| 350 | _a0 | ||
| 490 |
_aObserver _v23 FEbruary 1992, 27(2) |
||
| 520 | _aPredicts that UK building firms will show falling profits and reduced dividend payments when results are published in Spring 1992. Graphs show how share prices of four construction companies, John Laing, Tarmac, Taylor Woodrow and Wimpey have fallen between February 1991 and February 1992. | ||
| 650 | _aCONSTRUCTION COMPANIES | ||
| 650 | _aRECESSION | ||
| 650 | _aSHARE PRICES | ||
| 650 | _aSLUMP | ||
| 690 | _aBUILDING AND CONSTRUCTION-ECONOMICS | ||
| 942 | _n0 | ||
| 948 | _c04/03/1997 | ||
| 999 |
_c28016 _d28016 |
||